000 00541nam a2200169 i 4500
001 40632
003 ES-MaACL
005 20230906160255.0
007 t|
008 030306s1880 sp ||||1| spa d
080 _a821.134.2-14"18"
100 1 _aCarreño, Hipólito.
_9147092
245 1 0 _aQuevedo en San Marcos
_b: poema /
_cH. Carreño.
260 _a[S.l. :
_bs.n.],
_c1880 (
_eLeón :
_fRafael Garzo e Hijos)
300 _a44 p. ;
_c20 cm.
852 _aES-MaACL
_jT-420-F-16
_z.- Dedicatoria manuscrita del autor al director de La Epoca
999 _c40632
_d40632